000 00599nam a2200229Ia 4500
003 OSt
005 20220928135353.0
006 a|||||r|||| 00| 0
007 ta
008 220927b |||||||| |||| 00| 0 eng d
024 _a1621
037 _cTextual
040 _aSDCL
_cSDCL
_beng
041 _2eng
_aeng
082 _aX:51, L4
100 _aLipson Harry A
_9490153
245 0 _aMarketing fundamentals
_b Text and cases
260 _c1974
700 _a Darling John R
_9490154
942 _hX:51, L4
_cTEXL
_2CC
999 _c805440
_d805440